00783 a2200169 4500003000500000005001700005040000900022082001200031100003200043245005700075260003000132505026500162650003400427942001200461999001900473952012100492Nust20230621091350.0 cNust a509,JEA aJeans, James Hopwood940003 aThe new background of science /cJames Hopwood Jeans aNew YorkbMacmillanc1934 aThe Approach To The External World (Page-1), The Methods Of Science (Page-45), The Framework Of The External World (Page-70), Mechanism (Page-112), The Texture Of The External (Page-147), Wave-Mechanics (Page-194), Indeterminacy (Page-231), Events (Page-262). aPhysics --Philosophy.9113196 2ddccBK c179691d179691 00102ddc4070aMCSbMCScGENd2016-12-12o509,JEApMCS29771r2016-12-08w2016-12-12yBKzAlmirah No.82, Shelf No.1